| 000 | 00396nam a22001457a 4500 | ||
|---|---|---|---|
| 020 | _a8121927838 | ||
| 082 | _a621.381 SED | ||
| 100 | _aSedha, R.S. Dr. | ||
| 245 | _aA textbook of applied electronics | ||
| 260 |
_aNew Delhi, India _bS. Chand & Co. Ltd. _c1990 |
||
| 300 |
_axxii, 1177 p. _bill. ; |
||
| 500 | _aIncludes index. | ||
| 650 | _a1. Electronic circuits. 2. Electronics. | ||
| 942 | _cBK | ||
| 999 |
_c12646 _d12646 |
||